| 000 | 01100cam a2200229 4500 | ||
|---|---|---|---|
| 001 | L135914 | ||
| 008 | 061218n 000 0 eng u | ||
| 035 | _a(Sirsi) u135914 | ||
| 041 | 0 | _aeng | |
| 110 | 2 |
_aLeasehold Advisory Service _93510 |
|
| 245 | 0 | 0 |
_aSecurity of tenure when the lease runs out _h[electronic resource] |
| 520 | _aExplains the leaseholder's rights to remain in their property at the expiry of the lease. Discusses the tenant's eligibility for security at the end of the lease, what happens when the landlord proposes an assured periodic tenancy, the landlord's proposal for possession, and enfranchisement and lease extension rights. | ||
| 590 | _aKA | ||
| 650 | 2 | 4 | _aLEASEHOLD REFORM ACT 1967 |
| 650 | 2 | 4 | _aHOUSING AND URBAN DEVELOPMENT ACT 1993 |
| 650 | 2 | 4 | _aHOUSING ACT 1988 S2 |
| 650 | 2 | 4 | _aLOCAL GOVERNMENT AND HOUSING ACT 1989 S10 |
| 651 | 4 |
_aEngland and Wales _y1543- |
|
| 690 | _aPROPERTY-LEASEHOLD PROPERTY-LANDLORD AND TENANT-LEASES | ||
| 856 | 4 | 0 |
_uhttps://www.lease-advice.org/secframe.htm _zView the item free of charge at www.lease-advice.org... |
| 942 | _n0 | ||
| 999 |
_c106239 _d106239 |
||